Súťažná politika v SR po 20 rokoch

Legislatívny rámec formovania súťažnej politiky v ČSFR a SR. Vplyv na formovanie iných politík.

Guardado en:
Detalles Bibliográficos
Autor principal: Zemanovičová, Daniela
Formato: Capítulo de libro
Lenguaje:eslovaco
Materias:
Etiquetas: Agregar Etiqueta
Sin Etiquetas, Sea el primero en etiquetar este registro!

MARC

LEADER 00000naa a2200000 4500
001 0161991
005 20231128124632.1
041 0 |a slo 
044 |a CZ 
245 1 0 |a Súťažná politika v SR po 20 rokoch  |c Daniela Zemanovičová 
520 |a Legislatívny rámec formovania súťažnej politiky v ČSFR a SR. Vplyv na formovanie iných politík. 
610 2 0 |a ochrana súťaže hospodárskej 
610 2 0 |a politika protimonopolná 
610 2 0 |a Slovensko 
610 2 0 |a legislatíva 
610 2 0 |a história 
610 2 0 |a koncentrácia 
100 1 |a Zemanovičová, Daniela